000 00460 a2200181 4500
001 62074
020 _a9788579801037
041 _apor
090 _aYear 6 028
250 _a2. ed.
697 _aLiteratura infantojuvenil.
856 _u000024/000024cd.jpg
040 _aBR-BrIDEA
_cBR-BrIDEA
100 _aRebouças, Thalita
_d1974
245 1 0 _aFala sério, professor!
_c Thalit Rebouças
260 _a[S.l.]
_bRocco Jovens Leitores
_c2012
942 _cBK
999 _c62074
_d62074